Marketing best practices
| Main Author: | |
|---|---|
| Format: | Book |
| Published: |
Fort Worth :
The Dryen Press ,
2000
|
| Subjects: |
MARC
| LEADER | 00000cam a2200000 7i4500 | ||
|---|---|---|---|
| 001 | 0000010568 | ||
| 005 | 20050418.0 | ||
| 020 | |a 0030211093 | ||
| 040 | |a INS | ||
| 090 | 0 | 0 | |a HF5415. |b M297453 2000 |
| 100 | 1 | |a Czinkota, Michael R. | |
| 245 | 1 | 0 | |a Marketing best practices |c MIchael R. Czinkota |
| 260 | |a Fort Worth : |b The Dryen Press , |c 2000 | ||
| 300 | |a xxvii,657 ; |c 28cm. | ||
| 650 | 0 | 0 | |a Marketing |
| 999 | |a 0000009676 |b BOOK |c Open Shelf |e Default branch | ||